000 00662cam a22002413a 4500
001 29240
003 PGUSA
005 20140828083631.0
008 090625s2009||||xxu|||||s|||||000 1 eng d
040 _aPGUSA
_beng
042 _adc
050 4 _aPS
100 1 _aWilliams, Robert Moore,
_d1907-1977
245 1 0 _aBe It Ever Thus
_h[electronic resource] /
_cRobert Moore Williams
260 _bProject Gutenberg,
_c2009
506 _aPublic domain in the USA.
516 _aElectronic text
653 _aScience fiction
653 _aShort stories
830 0 _aProject Gutenberg
_v29240
856 4 0 _uhttp://www.gutenberg.org/ebooks/29240
942 _cEB
999 _c258495
_d258495